| Tag |
First Indicator |
Second Indicator |
Subfields |
| LEADER |
00000pam a2200000 a 4500 |
| 001 |
in00000088675 |
| 005 |
20151008065208.0 |
| 008 |
801208s1981 mnua j 00011 eng |
| 010 |
|
|
|a 80027619
|
| 020 |
|
|
|a 0876141440 :
|c $4.95
|
| 020 |
|
|
|z 0876141140
|
| 035 |
|
|
|a (OCoLC)07168224
|
| 035 |
|
|
|9 AAK5522AM
|
| 040 |
|
|
|a DLC
|c DLC
|d TXA
|d UtOrBLW
|
| 049 |
|
|
|a [Curr Col] TXAM
|c [1561212]
|
| 050 |
0 |
0 |
|a PZ7.H59788
|b Be
|
| 082 |
0 |
|
|a [E]
|2 19
|
| 100 |
1 |
|
|a Hirsch, Karen.
|
| 245 |
1 |
0 |
|a Becky /
|c by Karen Hirsch ; pictures by Jo Esco.
|
| 264 |
|
1 |
|a Minneapolis, Minn. :
|b Carolrhoda Books,
|c [1981]
|
| 264 |
|
4 |
|c ©1981
|
| 300 |
|
|
|a 40 unnumbered pages :
|b illustrations ;
|c 19 cm.
|
| 336 |
|
|
|a text
|b txt
|2 rdacontent
|
| 337 |
|
|
|a unmediated
|b n
|2 rdamedia
|
| 338 |
|
|
|a volume
|b nc
|2 rdacarrier
|
| 520 |
|
|
|a A deaf child lives with a hearing family while she attends school and enables them to become conscious of problems facing the deaf.
|
| 650 |
|
1 |
|a Deaf
|x Fiction.
|
| 650 |
|
1 |
|a Friendship
|x Fiction.
|
| 650 |
|
1 |
|a People with social disabilities
|v Fiction.
|
| 700 |
1 |
|
|a Esco, Jo.
|
| 999 |
|
|
|a MARS
|
| 999 |
f |
f |
|s 601396fb-b728-3cb4-80aa-a124a0b77f18
|i 01915e17-484f-325e-bbfc-f7c86df509a3
|t 0
|
| 952 |
f |
f |
|p ric
|a Texas A&M University
|b Rellis Campus
|c Joint Library Facility
|d Remote Storage
|t 0
|e PZ7.H59788 Be
|h Library of Congress classification
|i unmediated -- volume
|m A14806055076
|
| 998 |
f |
f |
|a PZ7.H59788 Be
|t 0
|l Remote Storage
|